Ireland Tile - Select - Statistics

General Stats
  • This quiz has been taken 22 times
  • The average score is 59 of 80
Answer Stats
Question Tile Select % Correct
Famous Irish people Andrew Robertson No
100%
Famous Irish people Bono Yes
100%
Irish words that mean animals Bríste No
100%
Irish words that mean animals Dubh No
100%
Statements that are true Ireland are not in the EU No
100%
Statements that are true Ireland had a famine when the oats crop failed No
100%
Statements that are true Leitrim is in Leinster No
100%
Counties of Ireland Mizen No
100%
Famous Irish people Nick Jagger No
100%
Statements that are true There are 5 provinces No
100%
Counties of Ireland Ballymuck No
95%
Counties of Ireland Dundrum No
95%
Famous Irish people James Joyce Yes
95%
Famous Irish people John Kerry No
95%
Famous Irish people Oscar Wilde Yes
95%
Counties of Ireland Tipperary Yes
95%
Statements that are true Belfast is a large city in Derry No
89%
Irish words that mean animals Bróga No
89%
Famous Irish people Conor McGregor Yes
89%
Irish words that mean animals Dog No
89%
Counties of Ireland Donegal Yes
89%
Statements that are true Dublin is the capital Yes
89%
Counties of Ireland Louth Yes
89%
Counties of Ireland Malin No
89%
Places in Dublin Malin No
89%
Irish words that mean animals Oraiste No
89%
Counties of Ireland Rathdown No
89%
Places in Dublin Salthill No
89%
Statements that are true The River Shannon is the longest river in Ireland Yes
89%
Counties of Ireland Ulster No
89%
Places in Dublin Arklow No
84%
Places in Dublin Dundalk No
84%
Counties of Ireland Fingal No
84%
Famous Irish people Frank Costello No
84%
Statements that are true Galway is the biggest county No
84%
Statements that are true James is the most popular boy name No
84%
Counties of Ireland Leinster No
84%
Counties of Ireland Leitrim Yes
84%
Places in Dublin Mizen No
84%
Famous Irish people Saoirse Ronan Yes
84%
Irish words that mean animals Bóthar No
79%
Counties of Ireland Cavan Yes
79%
Counties of Ireland Dundalk No
79%
Counties of Ireland Offaly Yes
79%
Places in Dublin Temple Bar Yes
79%
Places in Dublin Tralee No
79%
Places in Dublin Bray No
74%
Statements that are true Croke Park is the biggest stadium Yes
74%
Statements that are true Irelands President is Michael D Higgins Yes
74%
Counties of Ireland Laois Yes
74%
Irish words that mean animals Moncaí Yes
74%
Statements that are true Over 1 million people live in Dublin Yes
74%
Famous Irish people Arthur Conan Doyle No
68%
Famous Irish people Bram Stoker Yes
68%
Places in Dublin Clonmel No
68%
Places in Dublin Howth Yes
68%
Places in Dublin Malahide Yes
68%
Famous Irish people Roy Keane Yes
68%
Places in Dublin Ballsbridge Yes
63%
Statements that are true More Guinness is sold in Nigeria than Ireland Yes
63%
Irish words that mean animals Iasc Yes
58%
Famous Irish people Johnny Sexton Yes
58%
Statements that are true Louth is the smallest county Yes
58%
Irish words that mean animals Sicín Yes
58%
Places in Dublin Drumcondra Yes
53%
Irish words that mean animals Turtar Yes
53%
Irish words that mean animals Sionnach Yes
47%
Places in Dublin Carrickmines Yes
42%
Irish words that mean animals Cat Yes
42%
Irish words that mean animals Damhan alla Yes
42%
Irish words that mean animals Lucha Yes
42%
Statements that are true The White House was designed by an Irishman Yes
42%
Places in Dublin Churchtown Yes
37%
Irish words that mean animals Lacha Yes
37%
Statements that are true Emily is the most popular girls name Yes
32%
Irish words that mean animals Fia Yes
21%
Famous Irish people Lady Gregory Yes
21%
Places in Dublin Soardes Yes
21%
Famous Irish people Andrew Scott Yes
16%
Famous Irish people The Jonas Brothers Yes
5%
No matching quizzes found
Score Distribution
Percent of People with Each Score
Percentile by Number Answered
Your Score History
You have not taken this quiz